Advanced API security : OAuth 2.0 and beyond (Record no. 296552)

MARC details
000 -LEADER
fixed length control field 00408nam a2200157Ia 4500
008 - FIXED-LENGTH DATA ELEMENTS--GENERAL INFORMATION
fixed length control field 240404s9999 xx 000 0 und d
020 ## - INTERNATIONAL STANDARD BOOK NUMBER
International Standard Book Number 9781484220498
041 ## - LANGUAGE CODE
Language code of text/sound track or separate title English
082 ## - DEWEY DECIMAL CLASSIFICATION NUMBER
Classification number 005.3  SIR;1  R
100 ## - MAIN ENTRY--PERSONAL NAME
Personal name Siriwardena, Prabath
245 #0 - TITLE STATEMENT
Title Advanced API security : OAuth 2.0 and beyond
250 ## - EDITION STATEMENT
Edition statement 2nd ed
260 ## - PUBLICATION, DISTRIBUTION, ETC.
Date of publication, distribution, etc. 2020
Name of publisher, distributor, etc. Apress Media
Place of publication, distribution, etc. New York
300 ## - PHYSICAL DESCRIPTION
Extent xix, 449
942 ## - ADDED ENTRY ELEMENTS (KOHA)
Koha item type Books

No items available.

© For any Suggestions or Query, please contact the library staff @ librarian@pes.edu or Phone: +9180 2672 1983/ 2108.